[Event "Cerdanyola del Valles 2nd"]
[Site "Cerdanyola del Valles"]
[Date "2012.10.20"]
[Round "3"]
[White "Valencia Jimenez, Jose"]
[Black "Guasch Sariol, Jaume"]
[Result "0-1"]
[WhiteElo "2055"]
[BlackElo "2111"]
[PlyCount "96"]
[EventDate "2012.09.29"]
[EventType "tourn"]
[EventRounds "9"]
[EventCountry "ESP"]
[SourceTitle "EXT 2014"]
[Source "ChessBase"]
[SourceDate "2013.11.20"]
[SourceVersion "1"]
[SourceVersionDate "2013.11.20"]
[SourceQuality "1"]

1. e4 e6 2. d3 d5 3. Nd2 c5 4. Ngf3 Nc6 5. g3 Bd6 6. Bg2 Nge7 7. 0-0 0-0 8. Re1 Bc7 9. h4 b6 10. Nh2 Bb7 11. Ndf3 dxe4 12. Rxe4 Nb4 13. Re1 Nf5 14. a3 Nd5 15. Ng5 Qb8 16. Ne4 Nxh4 17. Bh3 f5 18. Qh5 Ng6 19. c4 fxe4 20. Bxe6+ Kh8 21. cxd5 Bxg3 22. Be3 Nf4 23. Bxf4 Bxf4 24. Nf1 exd3 25. Bf5 Bh6 26. Bxd3 Qf4 27. Re2 Rad8 28. Be4 Rde8 29. Ng3 g6 30. Qh2 Ba6 31. Ree1 Qg5 32. d6 Bc8 33. Rad1 Bd7 34. Rd5 Qf4 35. Re3 Rd8 36. Rd1 Qg4 37. Red3 Bg7 38. f3 Qg5 39. b3 Bd4+ 40. Kg2 h5 41. Rh1 Bb5 42. Rdd1 Rxd6 43. Qh4 Qxh4 44. Rxh4 Kg7 45. f4 Bc6 46. f5 Bxe4+ 47. Nxe4 Rd5 48. Rdh1 Rdxf5 0-1

[Event "Catalunya-chT"]
[Site "Catalunya"]
[Date "2012.04.14"]
[Round "10.7"]
[White "Rivas Garcia, Victor"]
[Black "Guasch Sariol, Jaume"]
[Result "1/2-1/2"]
[WhiteElo "2237"]
[BlackElo "2122"]
[PlyCount "55"]
[EventDate "2012.01.28"]
[EventType "team-tourn"]
[EventRounds "11"]
[EventCountry "ESP"]
[SourceTitle "EXT 2013"]
[Source "ChessBase"]
[SourceDate "2012.11.22"]
[SourceVersion "1"]
[SourceVersionDate "2012.11.22"]
[SourceQuality "1"]
[WhiteTeam "Barbera"]
[BlackTeam "Cerdanyola Valles"]
[WhiteTeamCountry "ESP"]
[BlackTeamCountry "ESP"]

1. e4 e6 2. d4 d5 3. Nc3 dxe4 4. Nxe4 Bd7 5. Nf3 Bc6 6. Bd3 Nd7 7. 0-0 Ngf6 8. Ng3 Bxf3 9. Qxf3 c6 10. c4 Bd6 11. Re1 0-0 12. Ne4 Nxe4 13. Qxe4 g6 14. Bd2 Qc7 15. Qh4 c5 16. dxc5 Nxc5 17. Bc2 Be7 18. Qf4 Qxf4 19. Bxf4 Bf6 20. Bd6 Rfc8 21. Rab1 Rc6 22. Red1 Rd8 23. Bxc5 Rxd1+ 24. Rxd1 Rxc5 25. b3 Rc8 26. Be4 b6 27. Kf1 Rd8 28. Rxd8+ 1/2-1/2

[Event "Catalunya-chT"]
[Site "Catalunya"]
[Date "2012.02.18"]
[Round "4.8"]
[White "Bofill Mas, Alejandro"]
[Black "Guasch Sariol, Jaume"]
[Result "1-0"]
[WhiteElo "2344"]
[BlackElo "2122"]
[PlyCount "91"]
[EventDate "2012.01.28"]
[EventType "team-tourn"]
[EventRounds "11"]
[EventCountry "ESP"]
[SourceTitle "EXT 2013"]
[Source "ChessBase"]
[SourceDate "2012.11.22"]
[SourceVersion "1"]
[SourceVersionDate "2012.11.22"]
[SourceQuality "1"]
[WhiteTeam "Barcelona Escola Escacs"]
[BlackTeam "Cerdanyola Valles"]
[WhiteTeamCountry "ESP"]
[BlackTeamCountry "ESP"]

1. c4 f5 2. g3 Nf6 3. Bg2 g6 4. b4 Bg7 5. Bb2 d6 6. Nf3 0-0 7. 0-0 e5 8. d3 Qe8 9. Nc3 c6 10. Nd2 g5 11. a4 Qh5 12. e4 Ng4 13. h3 f4 14. hxg4 Bxg4 15. Bf3 Bxf3 16. Qxf3 g4 17. Qh1 Qg5 18. Qh4 Qg6 19. gxf4 exf4 20. Nd1 Nd7 21. d4 Bf6 22. Qh2 Qg7 23. Nb3 c5 24. bxc5 dxc5 25. e5 Bg5 26. e6 Nb6 27. dxc5 Bf6 28. Bxf6 Rxf6 29. cxb6 axb6 30. Nc3 Rxe6 31. Nd5 Rf8 32. Nxf4 Rh6 33. Qg3 Qg5 34. Nd5 Rf3 35. Qb8+ Rf8 36. Qg3 Rh3 37. Qg2 Rxb3 38. Rae1 Rbf3 39. Re3 h5 40. Rxf3 Rxf3 41. Re1 Ra3 42. Re8+ Kg7 43. Re7+ Kf8 44. Qe4 Ra1+ 45. Kg2 Rxa4 46. Qh7 1-0

[Event "Catalunya-chT"]
[Site "Catalunya"]
[Date "2012.02.11"]
[Round "3.9"]
[White "Ordobas Martinez, Vicens"]
[Black "Guasch Sariol, Jaume"]
[Result "1-0"]
[WhiteElo "2077"]
[BlackElo "2122"]
[PlyCount "67"]
[EventDate "2012.01.28"]
[EventType "team-tourn"]
[EventRounds "11"]
[EventCountry "ESP"]
[SourceTitle "EXT 2013"]
[Source "ChessBase"]
[SourceDate "2012.11.22"]
[SourceVersion "1"]
[SourceVersionDate "2012.11.22"]
[SourceQuality "1"]
[WhiteTeam "Tarragona"]
[BlackTeam "Cerdanyola Valles"]
[WhiteTeamCountry "ESP"]
[BlackTeamCountry "ESP"]

1. e4 e6 2. d4 d5 3. e5 c5 4. Nf3 Nc6 5. Bd3 cxd4 6. 0-0 Nge7 7. Bf4 Ng6 8. Bg3 Be7 9. Nbd2 0-0 10. h4 f5 11. exf6 Bxf6 12. Re1 Qe8 13. Nb3 Qf7 14. Bxg6 Qxg6 15. Nbxd4 Nxd4 16. Nxd4 Bxd4 17. Qxd4 Bd7 18. c3 b6 19. Be5 Rac8 20. b3 Rf7 21. Re3 Qf5 22. Rf3 Qh5 23. Rxf7 Qxf7 24. Re1 Qe7 25. Re3 Rf8 26. Bxg7 Rf5 27. Rg3 Kf7 28. Bh6 Qc5 29. Qg7+ Ke8 30. Qg8+ Ke7 31. Be3 Qa5 32. Rg7+ Kd6 33. Qxh7 Bc6 34. Rxa7 1-0

[Event "Cerdanyola del Valles"]
[Site "Cerdanyola del Valles"]
[Date "2011.11.05"]
[Round "6"]
[White "Ventura Bolet, Maxim"]
[Black "Guasch Sariol, Jaume"]
[Result "0-1"]
[WhiteElo "1996"]
[BlackElo "2141"]
[PlyCount "32"]
[EventDate "2011.10.01"]
[EventType "tourn"]
[EventRounds "9"]
[EventCountry "ESP"]
[SourceTitle "EXT 2013"]
[Source "ChessBase"]
[SourceDate "2012.11.22"]
[SourceVersion "1"]
[SourceVersionDate "2012.11.22"]
[SourceQuality "1"]

1. c4 e6 2. Nf3 Nf6 3. g3 d5 4. b3 Be7 5. Bg2 0-0 6. 0-0 Ne4 7. Bb2 c6 8. Qc2 a5 9. a3 Na6 10. d3 Ng5 11. Nfd2 f5 12. cxd5 exd5 13. e4 f4 14. Qc3 d4 15. Qxd4 Qxd4 16. Bxd4 f3 0-1

[Event "Cerdanyola del Valles"]
[Site "Cerdanyola del Valles"]
[Date "2011.10.12"]
[Round "3"]
[White "Shatko, Danil"]
[Black "Guasch Sariol, Jaume"]
[Result "1/2-1/2"]
[WhiteElo "2097"]
[BlackElo "2141"]
[PlyCount "98"]
[EventDate "2011.10.01"]
[EventType "tourn"]
[EventRounds "9"]
[EventCountry "ESP"]
[SourceTitle "EXT 2013"]
[Source "ChessBase"]
[SourceDate "2012.11.22"]
[SourceVersion "1"]
[SourceVersionDate "2012.11.22"]
[SourceQuality "1"]

1. d4 Nf6 2. c4 e6 3. Nc3 d5 4. cxd5 exd5 5. Bg5 Be7 6. Qc2 c6 7. e3 0-0 8. Bd3 Nbd7 9. Nge2 Re8 10. f3 Nf8 11. 0-0 g6 12. Rae1 Ne6 13. Bh4 Ng7 14. Qd2 Bf5 15. Bf2 Bxd3 16. Qxd3 Rc8 17. Ng3 Qd7 18. Kh1 c5 19. dxc5 Bxc5 20. Rd1 Rcd8 21. e4 Bxf2 22. Rxf2 dxe4 23. Qxd7 Rxd7 24. Rxd7 e3 25. Rd1 exf2 26. Nge4 Nxe4 27. Nxe4 Nf5 28. Rf1 Rd8 29. h3 Ne3 30. Rxf2 Rd1+ 31. Kh2 f5 32. Nc3 Rc1 33. g3 g5 34. f4 g4 35. Re2 Rc2 36. Rxc2 Nxc2 37. Nb5 Ne3 38. hxg4 fxg4 39. Nxa7 Nf1+ 40. Kg2 Ne3+ 41. Kg1 Kf7 42. Nb5 Ke6 43. Nc3 h5 44. Kf2 Nf5 45. b4 Nd4 46. a4 Kd6 47. a5 Nc6 48. Ne4+ Kd5 49. Nf6+ Ke6 1/2-1/2

[Event "Cerdanyola del Valles op 28th"]
[Site "Cerdanyola del Valles"]
[Date "2010.10.30"]
[Round "5"]
[White "Guasch Sariol, Jaume"]
[Black "Vazquez Gamero, Miguel"]
[Result "1/2-1/2"]
[WhiteElo "2133"]
[BlackElo "2097"]
[PlyCount "62"]
[EventDate "2010.10.02"]
[EventType "swiss"]
[EventRounds "7"]
[EventCountry "ESP"]
[SourceTitle "EXT 2012"]
[Source "ChessBase"]
[SourceDate "2011.11.24"]
[SourceVersion "1"]
[SourceVersionDate "2011.11.24"]
[SourceQuality "1"]

1. d4 Nf6 2. c4 e6 3. Nc3 Bb4 4. e3 0-0 5. Nge2 d5 6. a3 Be7 7. cxd5 exd5 8. Nf4 b6 9. b4 c5 10. dxc5 bxc5 11. Ncxd5 Bb7 12. Bc4 cxb4 13. 0-0 Nc6 14. Qe2 Bd6 15. Rd1 Nxd5 16. Bxd5 Qc7 17. axb4 Bxf4 18. exf4 Nxb4 19. Bxb7 Qxb7 20. Ra5 Rad8 21. Be3 Nc6 22. Raa1 Qb3 23. Bc5 Rfe8 24. Rxd8 Rxd8 25. Re1 h6 26. f5 Qc3 27. Be3 a5 28. Rc1 Qf6 29. Qb5 Nd4 30. Bxd4 Qxd4 31. Qxa5 Rd5 1/2-1/2

[Event "Alella op 5th"]
[Site "Alella"]
[Date "2008.08.20"]
[Round "5"]
[White "Guasch Sariol, Jaume"]
[Black "Simon del Sol, Jaume"]
[Result "1-0"]
[WhiteElo "2061"]
[BlackElo "2064"]
[PlyCount "43"]
[EventDate "2008.08.16"]
[EventType "swiss"]
[EventRounds "9"]
[EventCountry "ESP"]
[SourceTitle "EXT 2009"]
[Source "ChessBase"]
[SourceDate "2008.11.26"]
[SourceVersion "1"]
[SourceVersionDate "2008.11.26"]
[SourceQuality "1"]

1. d4 d5 2. c4 c6 3. Nf3 Nf6 4. Nc3 g6 5. cxd5 cxd5 6. Bf4 Bg7 7. e3 0-0 8. Bd3 b6 9. 0-0 Bb7 10. Ne5 Nbd7 11. Rc1 Nxe5 12. Bxe5 Ne8 13. Bxg7 Kxg7 14. Qb3 e6 15. Rc2 f5 16. Ne2 Rf7 17. Rfc1 Qd6 18. Bb5 Rc7 19. Bxe8 Rxc2 20. Qxc2 Rxe8 21. Qc7+ Qe7 22. Qe5+ 1-0

[Event "Barbera del Valles op-B"]
[Site "Barbera del Valles"]
[Date "2008.07.10"]
[Round "5.2"]
[White "Valarezo Ricard, Pedro"]
[Black "Guasch Sariol, Jaume"]
[Result "0-1"]
[WhiteElo "2017"]
[BlackElo "2061"]
[PlyCount "82"]
[EventDate "2008.07.05"]
[EventType "swiss"]
[EventRounds "8"]
[EventCountry "ESP"]
[SourceTitle "EXT 2024"]
[Source "ChessBase"]
[SourceDate "2023.10.10"]
[SourceVersion "1"]
[SourceVersionDate "2023.10.10"]
[SourceQuality "1"]

1. d4 f5 2. Bg5 g6 3. h4 h6 4. Bf4 Nf6 5. c3 Bg7 6. Qb3 d6 7. Nf3 e6 8. Nbd2 a5 9. Qc2 Nc6 10. e4 Ng4 11. Bb5 0-0 12. Bxc6 bxc6 13. e5 Ba6 14. c4 c5 15. exd6 cxd6 16. d5 exd5 17. 0-0 dxc4 18. Nxc4 d5 19. Nce5 Nxe5 20. Bxe5 Bxf1 21. Bxg7 Kxg7 22. Rxf1 Qd6 23. Rc1 Rac8 24. Qc3+ d4 25. Qxa5 Rfe8 26. h5 g5 27. b4 cxb4 28. Rxc8 Rxc8 29. g3 Rc1+ 30. Kh2 f4 31. Ne5 fxg3+ 32. fxg3 Qc7 33. Qd5 Rc5 34. Qe4 Qxe5 35. Qg6+ Kf8 36. Qxh6+ Ke8 37. Qg6+ Kd7 38. h6 Qe2+ 39. Kh3 Qe6+ 40. Qxe6+ Kxe6 41. Kg4 Kf6 0-1

[Event "Barbera del Valles op B 29th"]
[Site "Barbera del Valles"]
[Date "2006.07.11"]
[Round "7"]
[White "Molano Lafuente, Ismael"]
[Black "Guasch Sariol, Jaume"]
[Result "0-1"]
[WhiteElo "1854"]
[BlackElo "2077"]
[PlyCount "114"]
[EventDate "2006.07.05"]
[EventType "swiss"]
[EventRounds "9"]
[EventCountry "ESP"]
[SourceTitle "EXT 2022"]
[Source "ChessBase"]
[SourceDate "2021.10.06"]
[SourceVersion "1"]
[SourceVersionDate "2021.10.06"]
[SourceQuality "1"]

1. e4 e6 2. d4 d5 3. Nc3 Bb4 4. Nge2 dxe4 5. a3 Be7 6. Nxe4 Nf6 7. N2c3 Bd7 8. Bd3 Bc6 9. Be3 Bxe4 10. Nxe4 Nbd7 11. 0-0 0-0 12. c4 c6 13. Qc2 Nxe4 14. Bxe4 Nf6 15. Bf3 Qc7 16. b4 Rac8 17. Rfe1 Rfd8 18. Rad1 b5 19. c5 Nd5 20. g3 Bf6 21. Bxd5 Rxd5 22. a4 a6 23. Bf4 Qd7 24. Be5 Rd8 25. axb5 axb5 26. Bxf6 gxf6 27. Qe4 e5 28. Qh4 Qf5 29. Re4 h5 30. Kg2 Ra8 31. Rde1 Ra2 32. g4 hxg4 33. Rxg4+ Kf8 34. Qh6+ Ke7 35. Rf4 Qg6+ 36. Qxg6 fxg6 37. dxe5 fxe5 38. Kg3 Rad2 39. Kg4 Ke6 40. Kg5 R2d4 41. Rf6+ Kd7 42. Kxg6 Rxb4 43. Rf5 Rxc5 44. Rfxe5 Rxe5 45. Rxe5 Rh4 46. Kf5 Kd6 47. f4 Rxh2 48. Re8 b4 49. Rb8 c5 50. Kf6 Kd5 51. f5 Kc4 52. Ke6 Kc3 53. Rc8 c4 54. Kd5 Rd2+ 55. Ke5 b3 56. f6 b2 57. f7 b1Q 0-1

[Event "Barbera del Valles op B 29th"]
[Site "Barbera del Valles"]
[Date "2006.07.06"]
[Round "2"]
[White "Alcazar Pascual, Lluis"]
[Black "Guasch Sariol, Jaume"]
[Result "0-1"]
[WhiteElo "1904"]
[BlackElo "2077"]
[PlyCount "43"]
[EventDate "2006.07.05"]
[EventType "swiss"]
[EventRounds "9"]
[EventCountry "ESP"]
[SourceTitle "EXT 2022"]
[Source "ChessBase"]
[SourceDate "2021.10.06"]
[SourceVersion "1"]
[SourceVersionDate "2021.10.06"]
[SourceQuality "1"]

1. d4 f5 2. e4 fxe4 3. Nc3 Nf6 4. Bg5 Nc6 5. d5 Ne5 6. Qd4 Nf7 7. Bxf6 exf6 8. Nxe4 d6 9. Bb5+ Bd7 10. Bxd7+ Qxd7 11. Ne2 Be7 12. 0-0-0 f5 13. N4c3 0-0 14. Kb1 Rfb8 15. Nf4 Bf6 16. Qd2 a5 17. Rhe1 Ne5 18. Nh5 Bh4 19. Re2 g6 20. g3 Bd8 21. Nf4 b5 22. Rde1 0-1

[Event "Barcelona Rubi op-A 5th"]
[Site "Barcelona"]
[Date "2004.04.??"]
[Round "5"]
[White "Guasch Sariol, Jaume"]
[Black "Torrecillas Gonzalez, Antonio"]
[Result "1-0"]
[WhiteElo "2175"]
[BlackElo "2065"]
[PlyCount "99"]
[EventDate "2004.04.25"]
[EventType "swiss"]
[EventRounds "9"]
[EventCountry "ESP"]
[SourceTitle "EXT 2007"]
[Source "ChessBase"]
[SourceDate "2006.11.23"]
[SourceVersion "1"]
[SourceVersionDate "2006.11.23"]
[SourceQuality "1"]

1. d4 Nf6 2. c4 e6 3. Nc3 d5 4. cxd5 exd5 5. Bg5 Be7 6. e3 c6 7. Qc2 h6 8. Bh4 0-0 9. Bd3 Nbd7 10. Nge2 Re8 11. 0-0 Nf8 12. f3 Ne6 13. Rad1 Qc7 14. Kh1 Ng4 15. Bg3 Nxe3 16. Qc1 Nxd1 17. Bxc7 Nxc3 18. bxc3 Nxc7 19. Ng3 Bf8 20. Nf5 Ne6 21. Qe1 Bd7 22. Qg3 g6 23. h4 Kh8 24. Nd6 Bxd6 25. Qxd6 Rad8 26. Re1 Bc8 27. Qe5+ Ng7 28. Qg3 Rxe1+ 29. Qxe1 Re8 30. Qd2 Kh7 31. Qf4 Rf8 32. Qf6 Kg8 33. Qf4 h5 34. g4 Re8 35. Kh2 Rf8 36. c4 Be6 37. c5 Bc8 38. Kg2 Be6 39. Kf2 hxg4 40. fxg4 f5 41. g5 Bc8 42. Qd6 Ne6 43. Be2 Kf7 44. h5 a6 45. Kg3 Rd8 46. Qe5 Nxg5 47. Qc7+ Ke8 48. hxg6 f4+ 49. Kh4 f3 50. Kxg5 1-0